Fire Emblem Heroes Red Tome Cavalry Units - Statistics

General Stats
  • This quiz has been taken 67 times
    2 since last reset
  • The average score is 13 of 23
Answer Stats
Answer % Correct
Dorothea (Winter)
100%
Leo
100%
Leo (Young)
100%
Lilina (Legendary)
100%
Mercedes (Summer)
100%
Selena (SS) (Devotion)
100%
Tharja (Ninja)
100%
Eirika (Gleipnir)
50%
Eirika (Spring)
50%
Kvasir
50%
Líf (Devotion)
50%
Linde (Scholar)
50%
Robin (M) (Wedding)
50%
Severa (Spring)
50%
Sigurd (Performing)
50%
Tine (Wedding)
50%
Titania (Devotion)
50%
Veyle (Spring)
50%
Arete
0%
Cecilia (Wedding)
0%
Gullveig (Summer)
0%
Sanaki (Ninja)
0%
Veronica (Legendary)
0%
No matching quizzes found
Score Distribution
Percent of People with Each Score
Percentile by Number Answered
Your Score History
You have not taken this quiz since the last reset